Corrosion engineering (Record no. 1267)

000 -LEADER
fixed length control field 00569nam a22002177a 4500
001 - CONTROL NUMBER
control field 1267
003 - CONTROL NUMBER IDENTIFIER
control field BD-DhUET
008 - FIXED-LENGTH DATA ELEMENTS--GENERAL INFORMATION
fixed length control field 140902b xxu||||| |||| 00| 0 eng d
020 ## - INTERNATIONAL STANDARD BOOK NUMBER
International Standard Book Number 9789848725085
040 ## - CATALOGING SOURCE
Transcribing agency 0
Modifying agency BD-DhUET
082 ## - DEWEY DECIMAL CLASSIFICATION NUMBER
Classification number 620.1122
Item number NOO/2009
100 ## - MAIN ENTRY--PERSONAL NAME
Personal name Nooruddin Ahmed
245 ## - TITLE STATEMENT
Title Corrosion engineering
Remainder of title an introductory text
250 ## - EDITION STATEMENT
Edition statement 1st ed.
260 ## - PUBLICATION, DISTRIBUTION, ETC. (IMPRINT)
Place of publication, distribution, etc. Dhaka
Name of publisher, distributor, etc. N. Ahmed and I. Mahmud
Date of publication, distribution, etc. 2009
300 ## - PHYSICAL DESCRIPTION
Extent xviii, 261 p.
504 ## - BIBLIOGRAPHY, ETC. NOTE
Bibliography, etc Includes bibliographies
650 #0 - SUBJECT ADDED ENTRY--TOPICAL TERM
Topical term or geographic name as entry element Corrosion and anti-Corrosion
700 ## - ADDED ENTRY--PERSONAL NAME
Personal name Iqbal Mahmud
942 ## - ADDED ENTRY ELEMENTS (KOHA)
Koha item type General Book
Holdings
Koha item type Withdrawn status Price effective from Koha full call number Piece designation (barcode) Not for loan Sublocation or collection (holding branch) Lost status Copy number Date acquired Koha normalized classification for sorting Damaged status Koha date last borrowed Source of classification or shelving scheme Shelving location Koha out on loan Location (home branch) Koha issues (times borrowed) Koha date last seen
General Book 2014-09-02620.1122/NOO/2009107513 Central Library, BUET 82014-09-02620_000000000000000_1122NOO200 2021-08-28 Circulation section Central Library, BUET22021-08-28
General Book 2014-09-02620.1122/NOO/2009107507 Central Library, BUET 82014-09-02620_000000000000000_1122NOO200 2021-09-06 Circulation section Central Library, BUET252021-09-06
General Book 2014-09-02620.1122/NOO/2009107508 Central Library, BUET 82014-09-02620_000000000000000_1122NOO200 2021-08-28 Circulation section Central Library, BUET12021-08-28
General Book 2014-09-02620.1122/NOO/2009107506 Central Library, BUET  2014-09-02620_000000000000000_1122NOO200 2021-08-28 Circulation section Central Library, BUET12021-08-28
General Book 2014-09-02620.1122/NOO/2009107512 Central Library, BUET  2014-09-02620_000000000000000_1122NOO200 2021-08-28 Circulation section Central Library, BUET12021-08-28
General Book 2014-09-02620.1122/NOO/2009107509 Central Library, BUET  2014-09-02620_000000000000000_1122NOO200 2025-12-01 Circulation section2025-12-15Central Library, BUET52025-12-01
General Book 2014-09-02620.1122/NOO/2009107505 Central Library, BUET  2014-09-02620_000000000000000_1122NOO200 2024-10-21 Circulation section Central Library, BUET382024-10-21
General Book 2014-09-02620.1122/NOO/2009107511 Central Library, BUET  2014-09-02620_000000000000000_1122NOO200 2021-08-28 Circulation section Central Library, BUET12021-08-28
General Book 2014-09-02620.1122/NOO/2009107504 Central Library, BUET  2014-09-02620_000000000000000_1122NOO200 2021-08-28 Circulation section Central Library, BUET12021-08-28
General Book 2018-04-28620.1122/NOO/2009107510 Central Library, BUET 12010-01-13620_112200000000000_NOO_2009 2021-08-28 Circulation section Central Library, BUET12021-08-28